Wielki świat, wielka polityka 1940 - 1951

Titel: Wielki świat, wielka polityka 1940 - 1951 : korespondencja Józefa Potockiego i Alika Koziełł-Poklewskiego / [Józef Potocki, Alik Koziełł-Poklewski] ; w oprac. i z komentarzami Jerzego Jakubowicza z przedmową Izabeli d'Ornano
Verfasser:
Beteiligt: ;
Veröffentlicht: Kraków : Wydawn. Literackie, 2015
Umfang: 1006 S. : Ill.
Format: Buch
Sprache: Polnisch
ISBN: 9788308055274
Kein Bild verfügbar
X
alg: 36445658
001A    $03004:28-09-15 
001B    $01999:24-06-16 $t15:47:44.000 
001C    $03019:23-11-15 $t15:47:07.000 
001D    $03019:23-11-15 
001U    $0utf8 
001X    $00 
002@    $0Aau 
003@    $0364456582 
004D    $A978-83-08-05527-4 
007A    $0364456582 $aHEB 
007G    $0DE0207017584F02D8DB02C1257F3300587DDD 
009P    $qapplication/pdf $A2 $3Inhaltsverzeichnis $uhttp://scans.hebis.de/HEBCGI/show.pl?36445658_toc.pdf $mV:DE-603;B:DE-Mb50 
010@    $apol 
011@    $a2015 
021A    $aWielki świat, wielka polityka 1940 - 1951 $dkorespondencja Józefa Potockiego i Alika Koziełł-Poklewskiego $h[Józef Potocki, Alik Koziełł-Poklewski] ; w oprac. i z komentarzami Jerzego Jakubowicza z przedmową Izabeli d'Ornano 
028A    $71078419388 $8Potocki, Józef Alfred$Z1895-1968 [Tp1] $9366171844 
028B/01 $#Poklewski, Alfons Koziełł- $#Koziełł-Poklewski, Alfons Aleksander $#Poklewski, Alfons Aleksander Koziełł- $#Poklevskij-Kozell, Alʹfons Fomič $#Kozell, Alʹfons Fomič Poklevskij- $71078419655 $8Koziełł-Poklewski, Alfons$Z1891-1962 [Tp1] $9366172182 
028C    $BHerausgeber $4edt $7 $8Jakubowicz, Jerzy [Tnx] $9168366754 
033A    $pKraków $nWydawn. Literackie 
034D    $a1006 S. 
034M    $aIll. 

lok: 36445658 24

exp: 36445658 24 1 #EPN
201B/01 $016-12-15 $t15:55:55.000 
201C/01 $028-09-15 
201U/01 $0utf8 
203@/01 $0760485461 
208@/01 $a16-12-15 $bz 
209A/01 $a15.09604 $du $f050 $h15 09604 $x00 
209C/01 $a15.09604 K $h15 09604 K 
209G/01 $a73727200 $x00 
220C/01 $awal 
244Z/01 $71078419388 $8--Tp1--Potocki, Józef Alfred$Z1895-1968 $x01 $9366171844 
244Z/01 $#Poklewski, Alfons Koziełł- $#Koziełł-Poklewski, Alfons Aleksander $#Poklewski, Alfons Aleksander Koziełł- $#Poklevskij-Kozell, Alʹfons Fomič $#Kozell, Alʹfons Fomič Poklevskij- $71078419655 $8--Tp1--Koziełł-Poklewski, Alfons$Z1891-1962 $x02 $9366172182 
247C/01 $8358050-7 Marburg, Bibliothek des Herder-Instituts Marburg $9102600961 

lok: 36445658 66

exp: 36445658 66 1 #EPN
201B/01 $023-11-15 $t15:47:07.000 
201C/01 $023-11-15 
201U/01 $0utf8 
203@/01 $076348671X 
208@/01 $a23-11-15 $bz 
209A/01 $aG Wie/J $du $f000 $x00 
209C/01 $a15/k1872 
247C/01 $8618123-5 Darmstadt, Bibliothek des Deutschen Polen-Instituts $9102600902 

lok: 36445658 78

exp: 36445658 78 1 #EPN
201B/01 $008-06-21 $t10:54:07.000 
201C/01 $008-06-21 
201U/01 $0utf8 
203@/01 $01157212158 
208@/01 $a08-06-21 $be 
209A/01 $a/ $f000 $x00 
209A/01 $ab*p $x01 
220C/01 $apgar 
244Z/01 $#Generalgouvernement Polen $#Polska $#Rzeczpospolita Polska $#Polska Rzeczpospolita Ludowa $#Poland $#Pologne $#République Polonaise $#Generalne Gubernatorstwo w Polsce $#Polish People's Republic $#Polska Rzeczpospolita Polen $#PRL $#RP $#Polen Generalgouvernement $#Polska Generalgouvernement $#Besetzte Polnische Gebiete $#Besetztes Gebiet in Polen $#Okupowane Polskie Obszary $#Obszary Okupowane w Polsce $#Volksrepublik Polen $#Polska Rosyjska $#Republic Polen $#Respublika Pol'ša $#Pol'skaja Narodnaja Respublika $#République de Pologne $#Polen Links der Weichsel $#Polska po Lewej Stronie Wisły $#Lenkija $#Polija $#Gubernija Carstva Pol'skago $#Republik Polen $74046496-9 $8--Tg1--Polen $x01 $9085129801 
247C/01 $82080>Marburg/Lahn, Herder-Institut, Forschungsbibliothek, Bibliographieportal $9336309341
LEADER 00000cam a2200000 c 4500
001 364456582
003 DE-603
005 20160624154744.0
007 tu
008 150928s2015 xx |||| | u00||u|pol c
020 |z 9788308055274 
035 |a (DE-599)HEB364456582 
040 |a DE-603  |b ger  |c DE-603  |d DE-603 
041 |a pol 
100 1 |a Potocki, Józef Alfred  |d 1895-1968  |0 (DE-603)366171844  |0 (DE-588)1078419388  |2 gnd 
245 0 0 |a Wielki świat, wielka polityka 1940 - 1951  |b korespondencja Józefa Potockiego i Alika Koziełł-Poklewskiego  |c [Józef Potocki, Alik Koziełł-Poklewski] ; w oprac. i z komentarzami Jerzego Jakubowicza z przedmową Izabeli d'Ornano 
264 1 |a Kraków  |b Wydawn. Literackie  |c 2015 
300 |a 1006 S.  |b Ill. 
700 1 |a Koziełł-Poklewski, Alfons  |d 1891-1962  |0 (DE-603)366172182  |0 (DE-588)1078419655  |2 gnd 
700 1 |a Jakubowicz, Jerzy  |e Herausgeber  |4 edt  |0 (DE-603)168366754 
856 4 2 |m V:DE-603;B:DE-Mb50  |q application/pdf  |u http://scans.hebis.de/HEBCGI/show.pl?36445658_toc.pdf  |3 Inhaltsverzeichnis 
924 0 |9 Mb 50  |a (DE-603)760485461  |b DE-Mb50  |c HES  |d c  |g 15.09604 
924 0 |9 Ds 123  |a (DE-603)76348671X  |b DE-Ds123  |c HES  |d d  |g G Wie/J 
924 0 |9 2080  |a (DE-603)1157212158  |b DE-2080  |c HES  |d d  |g /